| 000 | 00689nam a2200193 a 4500 | ||
|---|---|---|---|
| 005 | 20240420063829.0 | ||
| 008 | 991125m19781985ag 000 0 spa u | ||
| 020 | _a9500608065 | ||
| 035 | _aUPN01000020167 | ||
| 049 | _aCG | ||
| 050 | 4 |
_aLC4015 _bG4.48 |
|
| 100 | 1 | _aGearheart, Bill R. | |
| 245 | 1 | 3 |
_aLa enseñanza en niños con trastornos de aprendizaje : _bun abordaje que combina el proceso individual y las necesidades escolares / _cBill R. Gearheart ; tr. Carlos Wernicke. |
| 260 |
_aBuenos Aires : _bMédica Panamericana, _c1978 (1985 impr.). |
||
| 300 |
_a311 p. : _bil. |
||
| 650 | 4 |
_aEducación especial _93029 |
|
| 650 | 4 |
_aNIÑOS DE LENTO APRENDIZAJE _910314 |
|
| 905 | _aLibro | ||
| 999 |
_c20167 _d20167 |
||